000 01517cam a22004454a 4500
001 muse85079
003 MdBmJHUP
005 20210127151628.0
006 m o d
007 cr||||||||nn|n
008 070918s2007 mx o 00 0 spa d
010 _z 2007472619
020 _a9786076286173
020 _z9681212738
020 _z9789681212735
035 _a(OCoLC)1062394299
040 _aMdBmJHUP
_cMdBmJHUP
043 _an-mx---
050 0 4 _aPQ7296
_b.L66 2007
100 1 _aLópez Aviles, Jose,
_dactive 1669-1684.
245 1 0 _aDebido recuerdo de agradecimiento leal
_cJose López Aviles ; estudio, edición y notas, Martha Lilia Tenorio.
250 _a1a. ed.
264 1 _bEl Colegio de Mexico,
264 3 _bProject MUSE,
300 _a1 online resource (261 p.)
504 _aIncludes bibliographical references.
506 0 _aOpen Access
_fUnrestricted online access
_2star
588 _aDescription based on print version record.
600 1 1 _aLópez Aviles, Jose,
_dactive 1669-1684.
650 0 _aMexican poetry
_y17th century.
655 7 _aElectronic books.
_2local
700 1 _aTenorio, Martha Lilia.
710 2 _aProject Muse.
_edistributor
830 0 _aBook collections on Project MUSE.
856 4 0 _zFull text available:
_uhttps://muse.jhu.edu/book/74656/
999 _c26462
_d26462